Oh! Pascal!

Gorde:
Xehetasun bibliografikoak
Egile nagusia: Doug Cooper
Formatua: Liburua
Hizkuntza:Undetermined
Argitaratua: New York W.W. Norton and Comp 1982
Gaiak:
Etiketak: Etiketa erantsi
Etiketarik gabe, Izan zaitez lehena erregistro honi etiketa jartzen!
Thư viện lưu trữ: Trung tâm Học liệu Trường Đại học Cần Thơ
LEADER 00553nam a2200181Ia 4500
001 CTU_5137
008 210402s9999 xx 000 0 und d
082 |a 005.133 
082 |b C777 
100 |a Doug Cooper 
245 0 |a Oh! Pascal! 
245 0 |c Doug Cooper, Michael Claney 
260 |a New York 
260 |b W.W. Norton and Comp 
260 |c 1982 
650 |a pascal (computer programs ),programming languages ( electronic computers ) 
904 |i Nguyễn Quang Điền, 960709 
980 |a Trung tâm Học liệu Trường Đại học Cần Thơ